00434 2200181 4500001002100000005001500021008004100036020002200077035001900099041000700118082001000125090001600135100001700151245001800168260002800186300001800214650002000232INLIS00000000001680420241224115207241224||||||||| | ||| |||| || |  a978-979-752-734-1 0010-1224016804 aid0 a612.8 a612.8 REN k0 aRenny Yuniar00aKulitku Sehat aBandungbDARMizanc2008 a33hlm;20x20cm 0aIlmu Kedokteran